000 00468nam a2200181Ia 4500
001 24793
005 20260414151107.0
008 260414t2016||||xx |||||||||||||| ||spa||
041 _aESP
082 _a346
_bA46 T. 4
100 _aAlterini, Jorge Horacio
_eAUT
245 0 _aCódigo civil y comercial comentado :
_btratado exegético
260 _c2016
300 _axliii, 751 páginas :
_c25 cm.
650 _aDER
654 _aCDE
942 _cLIB
_dJUS
_fJUS
_2ddc
_n
999 _c24793
_d24793